Oscar Winning Directors #2 - Sudden Death - Statistics

General Stats
  • This quiz has been taken 299 times
  • The average score is 8 of 24
Answers on the Grid
Answers color-coded by a green-red scale on the quiz's grid according to % correct below.
Akira Kurosawa
Alejandro G. Iñárritu
Alfonso Cuarón
Barry Levinson
Bob Fosse
Bong Joon-ho
Damien Chazelle
Danny Boyle
Darren Aronofsky
David O. Russell
Elia Kazan
Federico Fellini
George Clooney
Ingmar Bergman
James Ivory
John G. Avildsen
John Huston
John Schlesinger
Jonathan Demme
Kevin Costner
Martin Brest
Michael Bay
Michael Cimino
Michael Curtiz
Mike Nichols
Norman Jewison
Richard Attenborough
Richard Linklater
Robert Altman
Robert Redford
Robert Wise
Roman Polanski
Sam Mendes
Sophia Coppola
Spike Jonze
Steven Soderbergh
Sydney Pollack
Terrence Malick
Victor Fleming
Wolfgang Petersen
 
Answer Stats
Answer % Correct
Parasite (2020) Bong Joon-ho
70%
Birdman (2015)
The Revenant (2016)
Alejandro G. Iñárritu
64%
Gravity (2014)
Roma (2019)
Alfonso Cuarón
57%
Slumdog Millionaire (2009) Danny Boyle
48%
La La Land (2017) Damien Chazelle
47%
The Pianist (2003) Roman Polanski
45%
Dances with Wolves (1991) Kevin Costner
38%
American Beauty (2000) Sam Mendes
38%
Gentleman's Agreement (1948)
On the Waterfront (1955)
Elia Kazan
36%
Rain Man (1989) Barry Levinson
33%
The Silence of the Lambs (1992) Jonathan Demme
33%
Ordinary People (1981) Robert Redford
33%
Out of Africa (1986) Sydney Pollack
31%
Cabaret (1973) Bob Fosse
30%
The Treasure of the Sierra Madre (1949) John Huston
30%
Gandhi (1983) Richard Attenborough
30%
Traffic (2001) Steven Soderbergh
30%
The Graduate (1968) Mike Nichols
26%
Gone with the Wind (1940) Victor Fleming
25%
The Deer Hunter (1979) Michael Cimino
24%
Casablanca (1944) Michael Curtiz
23%
Rocky (1977) John G. Avildsen
19%
West Side Story (1962)
The Sound of Music (1966)
Robert Wise
19%
Midnight Cowboy (1970) John Schlesinger
17%
No matching quizzes found
Score Distribution
Percent of People with Each Score
Percentile by Number Answered
Your Score History
You have not taken this quiz